000 00606nam a2200217Ii 4500
001 5365
003 CO-ViMGA
008 241108s9999||||xx |||||||||||||| ||und||
020 _a844730308X
040 _aCO-ViMGA
_bspa
_erda
_cCO-ViMGA
041 0 _aunk
084 _aT SHA1t
100 1 _aWilliam Shakespeare
_924497
245 1 0 _aTragedias
264 1 _a[Lugar de publicación no identificado] : Planeta, 1994
300 _avolumen
336 _atext
_btxt
_2rdacontent
337 _aunmediated
_bn
_2rdamedia
338 _avolume
_bnc
_2rdacarrier
940 _aidficha_siabuc: 5222. -- ficha_no_siabuc:5365
999 _c55646
_d55646